Building cost control techniques and economics. (Record no. 94781)
[ view plain ]
| 000 -LEADER | |
|---|---|
| fixed length control field | 00749cam a2200265 4500 |
| 008 - FIXED-LENGTH DATA ELEMENTS--GENERAL INFORMATION | |
| fixed length control field | 090401t1980 xxu||||| |||| 00| 0 eng d |
| 020 ## - INTERNATIONAL STANDARD BOOK NUMBER | |
| International Standard Book Number | 0434900990 |
| 035 ## - SYSTEM CONTROL NUMBER | |
| System control number | (Sirsi) u65720 |
| 041 ## - LANGUAGE CODE | |
| Language code of text/sound track or separate title | eng |
| 050 ## - LIBRARY OF CONGRESS CALL NUMBER | |
| Classification number | 658.1552 |
| 100 ## - MAIN ENTRY--PERSONAL NAME | |
| Personal name | Bathurst, Peter E |
| 245 ## - TITLE STATEMENT | |
| Title | Building cost control techniques and economics. |
| 250 ## - EDITION STATEMENT | |
| Edition statement | 2nd ed |
| 260 ## - PUBLICATION, DISTRIBUTION, ETC. | |
| Place of publication, distribution, etc. | London |
| Name of publisher, distributor, etc. | Heinemann |
| Date of publication, distribution, etc. | 1980 |
| 300 ## - PHYSICAL DESCRIPTION | |
| Extent | 202p. ; 28cm. |
| 350 ## - PRICE (NR) (BK AM CF MU VM SE) [OBSOLETE] | |
| Price | 8.5 |
| 520 ## - SUMMARY, ETC. | |
| Summary, etc. | Appendix D Expenditure Forecasting includes DHSS S-curve formula. |
| 650 ## - SUBJECT ADDED ENTRY--TOPICAL TERM | |
| Topical term or geographic name entry element | CAPITAL EXPENDITURE FORECASTING |
| 650 ## - SUBJECT ADDED ENTRY--TOPICAL TERM | |
| Topical term or geographic name entry element | CUMULATIVE EXPENDITURE FORECASTING |
| 650 ## - SUBJECT ADDED ENTRY--TOPICAL TERM | |
| Topical term or geographic name entry element | DHSS S-CURVE FORMULA |
| 650 ## - SUBJECT ADDED ENTRY--TOPICAL TERM | |
| Topical term or geographic name entry element | S-CURVE FORMULA |
| 700 ## - ADDED ENTRY--PERSONAL NAME | |
| Personal name | Butler, David A |
| 942 ## - ADDED ENTRY ELEMENTS (KOHA) | |
| Suppress in OPAC | 0 |
| 948 ## - LOCAL PROCESSING INFORMATION (OCLC); SERIES PART DESIGNATOR (RLIN) | |
| c (OCLC) | 04/03/1997 |
| Withdrawn status | Lost status | Source of classification or shelving scheme | Damaged status | Not for loan | Home library | Current library | Shelving location | Date acquired | Cost, normal purchase price | Total Checkouts | Full call number | Barcode | Date last seen | Date last checked out | Copy number | Cost, replacement price | Price effective from | Koha item type |
|---|---|---|---|---|---|---|---|---|---|---|---|---|---|---|---|---|---|---|
| Dewey Decimal Classification | London | London | Basement | 09/08/1991 | 8.50 | 3 | BASEMENT | 30016522 | 06/08/2019 | 11/11/2008 | 2 | 8.50 | 06/08/2019 | Book |